| 000 | 00446nam a2200157Ia 4500 | ||
|---|---|---|---|
| 008 | 230718s9999 xx 000 0 und d | ||
| 041 | _aeng | ||
| 082 |
_a620.1 _bBEE |
||
| 100 | _aBeer F.P. | ||
| 245 |
_aVector Machanics For Engineers _bStatics And Dynamics (In SI Units) |
||
| 250 | _a8th ed. | ||
| 260 | _bTata Mc-graw Hill Pub. | ||
| 365 |
_cRs. _b525.00 |
||
| 700 | _aBeer F.P. & Johnston E.R. | ||
| 906 |
_dB:201902-Feb-2009 _cALLEDS _b525 |
||
| 999 |
_c320275 _d320275 |
||